Statistics for Countries Containing V

Click here to take the quiz!

General Stats

  • This quiz has been taken 2,084 times
    (1,889 since last reset)
  • The average score is 12 of 18

Answer Stats

country % Correct
Venezuela
96%
Vatican City
90%
Vietnam
89%
Vanuatu
88%
Latvia
75%
Tuvalu
75%
Slovenia
72%
Slovakia
71%
Bolivia
70%
Moldova
64%
St Vincent & the Grenadines
64%
Kosovo
60%
Maldives
57%
Bosnia & Herzegovina
57%
Cabo Verde
56%
Côte d'Ivoire
54%
St Kitts & Nevis
51%
El Salvador
48%

Score Distribution

Percentile by Number Answered

Percent of People with Each Score

Your Score History

You have not taken this quiz since the last reset